| 000 | 00695nam a2200205Ia 4500 | ||
|---|---|---|---|
| 003 | GCL | ||
| 008 | 140319s9999 xx 000 0 ara d | ||
| 040 |
_aGCL / _cGCL |
||
| 082 | 0 | 4 |
_a953.0711 _bح ت |
| 100 | 1 | _aحمدى عبدالمنعم محمد حسين | |
| 245 | 1 | 0 |
_aالتاريخ السياسى لمدينة اشبيلية فى العصر الاموى / _cحمدى عبدالمنعم محمد حسين |
| 260 |
_a[S.N] : _bمؤسسة شباب الجامعة ، _c1987 |
||
| 300 | _a133 ص | ||
| 490 | _a | ||
| 650 | 0 | 4 | _aالتاريخ الاسلامى |
| 650 | 0 | 4 | _aالدولة الاموية |
| 650 | 0 | 4 | _aفتح الاندلس |
| 650 | 0 | 4 | _aاشبيلية |
| 942 |
_2ddc _cBK |
||
| 999 |
_c31212 _d31212 |
||